000 01299cam a22001934a 4500
005 20250605163937.0
008 250528s ||||||||||||||||||||||||d
035 _a14902
020 _a140153756
040 _aGR-AtMCL
_bgre
_dGR-AtMCL
_eAACR2
245 1 _aPaper Heroes / Appropriate Technology: Panacea Or Pipe Dream?
260 _bPenguin Books,
_c1991
300 _a182
520 _aA thought-provoking exploration of the relationship between technology and development, ideology and industrialization, and, most fundamentally, man and machine. Foreword, What Is Appropriate Technology, Intermediate Technology, The Later Comers, Don't Do As I Do, Let Them Drink Coke, Foreign Aid, Millstone..., The Latecomers, Foreign Aid, ...or Stepping Stone, Small Industry in China, Walking on Two Legs, California Dreaming, Home is a Dome, The Whole Earth Catalog, Bucky Meets Fritz, Technologies in Context, Bios-gas in India, Solar Heating, Maize Grinding in Kenya, Earth Building, Choosing Technologies: Indonesia and East Pakistan, Soft Tech in America, Man/ Machine: Conclusions, Social Reform, Self-Reliance, Nonviolence, Revolutionary Tech, Evolutionary Tech, Epilogue, Index, Illustration Credits.
700 1 _aRybczynski Witold
_9696
942 _cBK
999 _c513
_d513